| 000 | 00775nam a2200229 a 4500 | ||
|---|---|---|---|
| 999 |
_c6183 _d6183 |
||
| 001 | 6143 | ||
| 003 | BD-JhCC | ||
| 005 | 20180116105611.0 | ||
| 008 | 171119s2008 bg a|||| |||| 000 0 ben d | ||
| 020 | _a9847015600198 | ||
| 035 | _a(BD-JhCC) 6143 | ||
| 040 |
_aBD-JhCC _dBD-JhCC |
||
| 041 | _aben | ||
| 082 |
_a891.4415 _bRAB 2008 |
||
| 100 | _aরাব্বানী, মোহাম্মদ গোলাম | ||
| 245 |
_aছহি মুক্তিযুদ্ধনামা / _cমোহাম্মদ গোলাম রাব্বানী |
||
| 260 |
_aঢাকা : _bমাওলা ব্রাদার্স, _c২০০৮. |
||
| 300 |
_a80 পৃ. : _c২১ সেমি. _billu, |
||
| 650 | _aHistorical Poem | ||
| 942 |
_2ddc _cBK |
||